CENTO traveling seminar on fresh fruit and vegetable marketing : regional tour, June 30, 1965-August 28, 1965 /

Bibliographic Details
Corporate Authors: CENTO Traveling Seminar on Fresh Fruit and Vegetable Marketing Dacca, etc., Central Treaty Organization
Format: Conference Proceeding Book
Language:English
Published: [Ankara] : [Office of United States Economic Coordinator for CENTO Affairs], [1966]
Subjects:

MARC

Tag First Indicator Second Indicator Subfields
LEADER 00000cam a2200000Ii 4500
001 in00000081596
005 20151008053017.0
008 800515s1966 tu a 100 0 eng d
035 |a (OCoLC)ocm03354494 
040 |a SUC  |c SUC  |d OCL  |d OCLCQ  |d TXA  |d UtOrBLW 
043 |a aw----- 
049 |a TXAM 
090 |a SB360  |b .C45 1965 
111 2 |a CENTO Traveling Seminar on Fresh Fruit and Vegetable Marketing  |d (1965 :  |c Dacca, etc.) 
245 1 0 |a CENTO traveling seminar on fresh fruit and vegetable marketing :  |b regional tour, June 30, 1965-August 28, 1965 /  |c Central Treaty Organization. 
264 1 |a [Ankara] :  |b [Office of United States Economic Coordinator for CENTO Affairs],  |c [1966] 
300 |a 88 pages :  |b illustrations ;  |c 27 cm. 
336 |a text  |b txt  |2 rdacontent 
337 |a unmediated  |b n  |2 rdamedia 
338 |a volume  |b nc  |2 rdacarrier 
650 0 |a Fruit  |z Middle East  |x Marketing  |v Congresses. 
650 0 |a Fruit trade  |z Middle East  |v Congresses. 
650 0 |a Vegetables  |z Middle East  |x Marketing  |v Congresses. 
650 0 |a Vegetable trade  |z Middle East  |v Congresses. 
710 2 |a Central Treaty Organization. 
740 0 |a Fresh fruit and vegetable marketing. 
994 |a C0  |b TXA 
999 |a MARS 
999 f f |s c2f2f315-5ebc-3eda-8737-7241abe33a96  |i a024797a-08b4-3bad-bb76-a452102eb4b2  |t 0 
952 f f |p ric  |a Texas A&M University  |b Rellis Campus  |c Joint Library Facility  |d Remote Storage  |t 0  |e SB360 .C45 1965  |h Library of Congress classification  |i unmediated -- volume  |m A14800872307 
998 f f |a SB360 .C45 1965  |t 0  |l Remote Storage